01287nam a2200241Ia 4500001001100000003001000011008004100021040002500062041001300087100001700100245003900117250001100156260004500167300002600212500022000238501011400458520022000572650003600792942000700828957000600835999004200841952016200883L208-14537IT-CnALBA170116s9999||||xx |||||||||||||| ||und|| aIT-CnALBAcIT-CnALBA aITALIANO aSENZA AUTORE 0aINDICI DELLE LETTURE PATRISTICHE.  a1a ed. a PADOVAbMESSAGGERO DI S. ANTONIO cn.d. a46 p. (prefazione: 3) aSCHEDARIO PER CELEBRAZIONE DELLA PAROLA, MEDITAZIONE PERSONALE, PREPARAZIONE DELL'OMELIA. TRADUZIONE DAL FRANCESE DELLE SUORE TRAPPISTE DI VITORCHIANO. INDICE ANALITICO. INDICE DEGLI AUTORI. A CURA DEL CAL DI ROMA.  aSocietà San Paolo EM - Piazza San Paolo, 14 - 12051 ALBA (CN) (non commercial uses only) ® Copyright 2017 aSCHEDARIO PER CELEBRAZIONE DELLA PAROLA, MEDITAZIONE PERSONALE, PREPARAZIONE DELL'OMELIA. TRADUZIONE DAL FRANCESE DELLE SUORE TRAPPISTE DI VITORCHIANO. INDICE ANALITICO. INDICE DEGLI AUTORI. A CURA DEL CAL DI ROMA.  aPADRI E SCRITTORI ECCLESIASTICI cBK 71 a19289bNOg Copie: 1 c273711d273711 0010406L_2081453771aALBAbALBAd2017-01-16l0oL208-14537r2017-01-16 00:00:00w2017-01-16yBKz(data import: 16 gennaio 2017) - By Epidotti, Vaglietti.